000 00517nam a22001937a 4500
005 20251108165012.0
008 250721s1994 xx 000 0 ara d
082 1 4 _a817/بهج
100 1 _aبهجت، أحمد
245 1 0 _aتحتمس 400 بشرطة /
250 _aط2.
264 1 _aالقاهرة :
_bدار الشروق،
_c1994.
300 _a159ص
650 1 7 _aالأدب العربي
650 1 7 _aالنوادر
650 1 7 _aالأهاجي و الفكاهة
942 _2ddc
_cBK
999 _c19559
_d19559